Windows 7 Digital classroom (Record no. 121)
[ view plain ]
| 000 -LEADER | |
|---|---|
| fixed length control field | 00555nam a22002057a 4500 |
| 003 - CONTROL NUMBER IDENTIFIER | |
| control field | OSt |
| 005 - DATE AND TIME OF LATEST TRANSACTION | |
| control field | 20140704133156.0 |
| 008 - FIXED-LENGTH DATA ELEMENTS--GENERAL INFORMATION | |
| fixed length control field | 140704b xxu||||| |||| 00| 0 eng d |
| 020 ## - INTERNATIONAL STANDARD BOOK NUMBER | |
| International Standard Book Number | 9780470568026 |
| 040 ## - CATALOGING SOURCE | |
| Transcribing agency | DDC |
| 082 ## - DEWEY DECIMAL CLASSIFICATION NUMBER | |
| Edition number | 22nd ed. |
| Classification number | 005.1 SHO 2009 |
| Item number | S |
| 100 ## - MAIN ENTRY--PERSONAL NAME | |
| Personal name | Shoup Kate |
| 9 (RLIN) | 326 |
| 245 ## - TITLE STATEMENT | |
| Title | Windows 7 Digital classroom |
| 260 ## - PUBLICATION, DISTRIBUTION, ETC. (IMPRINT) | |
| Place of publication, distribution, etc. | Indianapolis: |
| Name of publisher, distributor, etc. | Wiley, |
| Date of publication, distribution, etc. | 2009 |
| 300 ## - PHYSICAL DESCRIPTION | |
| Extent | xx,536p; |
| Other physical details | col.Ill |
| Dimensions | 23.5cm |
| 504 ## - BIBLIOGRAPHY, ETC. NOTE | |
| Bibliography, etc | Appendix, index included. |
| 650 ## - SUBJECT ADDED ENTRY--TOPICAL TERM | |
| Topical term or geographic name as entry element | Digital computers |
| 9 (RLIN) | 327 |
| 700 ## - ADDED ENTRY--PERSONAL NAME | |
| Personal name | AGI Training Team |
| 9 (RLIN) | 328 |
| 942 ## - ADDED ENTRY ELEMENTS (KOHA) | |
| Source of classification or shelving scheme | Dewey Decimal Classification |
| Koha item type | Open Shelf |
| Withdrawn status | Lost status | Source of classification or shelving scheme | Damaged status | Not for loan | Home library | Current library | Date acquired | Source of acquisition | Inventory number | Total Checkouts | Full call number | Barcode | Date last seen | Price effective from | Koha item type | Date last checked out |
|---|---|---|---|---|---|---|---|---|---|---|---|---|---|---|---|---|
| Other/Generic Classification Scheme | MUST Main Library | MUST Main Library | 04/07/2014 | 14/37677 | 005.1 SHO 2009 S | 2014-0172 | 04/07/2014 | 04/07/2014 | Open Shelf | |||||||
| Other/Generic Classification Scheme | MUST Main Library | MUST Main Library | 04/07/2014 | 14/37678 | 005.1 SHO 2009 S | 2014-0173 | 04/07/2014 | 04/07/2014 | Open Shelf | |||||||
| Other/Generic Classification Scheme | MUST Main Library | MUST Main Library | 04/07/2014 | 14/37679 | 1 | 005.1 SHO 2009 S | 2014-0174 | 01/02/2022 | 04/07/2014 | Open Shelf | 27/01/2022 | |||||
| Other/Generic Classification Scheme | MUST Main Library | MUST Main Library | 04/07/2014 | 14/37680 | 005.1 SHO 2009 S | 2014-0175 | 04/07/2014 | 04/07/2014 | Open Shelf |
